Drawings for living architecture

সংরক্ষণ করুন:
গ্রন্থ-পঞ্জীর বিবরন
প্রধান লেখক: Wright, Frank Lloyd (Author)
বিন্যাস: গ্রন্থ
ভাষা:ইংরেজি
প্রকাশিত: Nueva York Edgar Y. Kaufmann Charitable Foundation 1959
বিষয়গুলি:
ট্যাগগুলো: ট্যাগ যুক্ত করুন
কোনো ট্যাগ নেই, প্রথমজন হিসাবে ট্যাগ করুন!

MARC

LEADER 00000nam a2200000 a 4500
001 UCY4128
003 CL-VaPUC
008 950228e19590000US |||||||||||||||||eng|d
082 0 4 |a 720.284  |b WRI  |2 21 
100 0 |a Wright, Frank Lloyd  |e author  |9 266860 
245 1 0 |a Drawings for living architecture 
300 |a 255 p 
942 |c BK 
945 |d 19950228 00:00:00  |a aalvarez 
260 |a Nueva York  |b Edgar Y. Kaufmann Charitable Foundation  |c 1959 
600 0 7 |a WRIGHT, FRANK LLOYD  |2 CL-VaPUC  |9 266860 
650 0 |a Dibujos  |9 264123 
583 |a last modification  |c 19950228 00:00:00  |k Rodrigo Vera 
999 |c 232089  |d 232087 
952 |0 0  |1 0  |4 0  |6 720_284000000000000_WRI_1959  |7 0  |8 F  |9 236111  |a BIBARQ  |b BIBARQ  |d 2019-11-15  |i 3056120  |o 720.284 WRI 1959  |p 3056120  |r 2025-01-20  |w 2019-11-15  |y BK_F  |k ARQ